00766nam a2200217 i 4500001000300000003000400003005001700007008003900024015001700063040001400080041000800094080001200102080001200114100002800126245010300154260009600257300003400353650003300387655003000420856009800450bgBPK20200402144831.0000114s1980 pl f f |000 0 pol aPB 1981/1799 aWA NcBPK0 apol a621.313 a(075.8)1 aBajorek, ZygmunteAutor10aTeoria maszyn elektrycznych :blaboratorium.nCz. 1,pInstrukcje do ćwiczeń.cZygmunt Bajorek. aRzeszów :bWydaw. Uczelniane Politechniki Rzeszowskiej im. Ignacego Łukasiewicza,c1980. a327 s. ;c21 cm, 21 x 30 cm. 4aMaszyny elektrycznexteoria. 4aPodręczniki akademickie uhttp://koha.tu.koszalin.pl/cgi-bin/koha/opac-detail.pl?biblionumber=19303yKatalog online BPK